| 000 | 01120nam a2200289 c 4500 | ||
|---|---|---|---|
| 003 | BLK | ||
| 005 | 20240925133848.0 | ||
| 008 | 180409b bul|||||r ||||||| ||bul|| | ||
| 040 | _aBLK | ||
| 041 |
_aBUL _cBUL |
||
| 080 |
_aБългарска литература _b821.163.2 _x-93-32 _z821.163.2-93-32 |
||
| 100 |
_aНемиров, Добри _d03.02.1882 – 30.09.1945 _qЗафиров, Добри Харалампиев _9251710 |
||
| 139 |
_aНемиров, Добри _bН 53 |
||
| 245 | 1 | 0 |
_aКогато бях малък _bРазкази за всички _nВтора книга _cДобри Немиров; картини и корица от В. Лазаркевич |
| 250 | _a2. изд. | ||
| 257 | _aBGR | ||
| 260 |
_bХемус _c1947 _9209594 _aСофия |
||
| 300 |
_a115 с. _bс ил. _c22 см |
||
| 380 | _aDX | ||
| 500 | _a1. изд. 1937 | ||
| 700 | 1 |
_aЛазаркевич, Вадим Вадимович _987036 |
|
| 852 |
_bК _cК 821.163.2/Н 53 Д |
||
| 856 | 4 |
_qpdf _i0.00 _ldisable |
|
| 856 | 4 |
_qpdf _i0.00 _ldisable |
|
| 942 |
_cKNG _n0 _01 _s1 |
||
| 944 |
_k30545 _lНора Радева _a30545 _cНора Радева |
||
| 999 |
_c517677 _d517677 |
||